Southville International School and Colleges
Your cart is empty.
  • Cart
  • Lists
    Public lists Eva Luna New books Lux_list list_1
    Your lists Log in to create your own lists
  • Log in to your account
  • Your cookies
  • Search history
Southville International School and Colleges
  • Advanced search
  • Recent comments
  • Most popular
  • Libraries

Log in to your account

Log in with GOOGLE


If you do not have an external account, but do have a local account, you can still log in:

  1. Home
  2. MARC view: 5,001 things for kids to do /
Normal view MARC view ISBD view

5,001 things for kids to do / (Record no. 2717)

[ view plain ]
MARC details
000 -LEADER
fixed length control field 01185cam a22003374a 4500
001 - CONTROL NUMBER
control field 199547
003 - CONTROL NUMBER IDENTIFIER
control field OSt
005 - DATE AND TIME OF LATEST TRANSACTION
control field 20140310181739.0
008 - FIXED-LENGTH DATA ELEMENTS--GENERAL INFORMATION
fixed length control field 990712s2000 nyu 000 0 eng
010 ## - LIBRARY OF CONGRESS CONTROL NUMBER
LC control number 99038434
020 ## - INTERNATIONAL STANDARD BOOK NUMBER
International Standard Book Number 0452280834
035 ## - SYSTEM CONTROL NUMBER
System control number (DLC) 99038434
040 ## - CATALOGING SOURCE
Original cataloging agency DLC
Transcribing agency DLC
042 ## - AUTHENTICATION CODE
Authentication code pcc
050 00 - LIBRARY OF CONGRESS CALL NUMBER
Classification number LB 1027.25
Item number .K58 2000
082 00 - DEWEY DECIMAL CLASSIFICATION NUMBER
Classification number TR 372.5
Item number K62 2000
100 1# - MAIN ENTRY--PERSONAL NAME
Personal name Kipfer, Barbara Ann.
9 (RLIN) 434
245 00 - TITLE STATEMENT
Title 5,001 things for kids to do /
Statement of responsibility, etc Barbara Ann Kipfer.
246 3# - VARYING FORM OF TITLE
Title proper/short title Five thousand one things for kids to do
246 3# - VARYING FORM OF TITLE
Title proper/short title Five thousand and one things for kids to do
260 ## - PUBLICATION, DISTRIBUTION, ETC. (IMPRINT)
Place of publication, distribution, etc New York :
Name of publisher, distributor, etc Plume,
Date of publication, distribution, etc c2000.
300 ## - PHYSICAL DESCRIPTION
Extent 1 v. ;
Dimensions 16 cm.
521 ## - TARGET AUDIENCE NOTE
Target audience note
541 ## - IMMEDIATE SOURCE OF ACQUISITION NOTE
-- 1
562 ## - COPY AND VERSION IDENTIFICATION NOTE
Number of copies For circulation. One copy available in the collection
650 #0 - SUBJECT ADDED ENTRY--TOPICAL TERM
Topical term or geographic name as entry element Creative activities and seat work.
9 (RLIN) 422
650 #0 - SUBJECT ADDED ENTRY--TOPICAL TERM
Topical term or geographic name as entry element Amusements.
9 (RLIN) 435
906 ## - LOCAL DATA ELEMENT F, LDF (RLIN)
a 7
b cbc
c orignew
d 1
e ocip
f 19
g y-gencatlg
942 ## - ADDED ENTRY ELEMENTS (KOHA)
Source of classification or shelving scheme Library of Congress Classification
Koha item type
Call number prefix
Holdings
Withdrawn status Lost status Source of classification or shelving scheme Damaged status Home library Current library Shelving location Date acquired Total Checkouts Full call number Barcode Date last seen Copy number Price effective from Koha item type
    Library of Congress Classification   Luxembourg Library Luxembourg Library Teachers Reference Section 03/22/2013   LB 1027.25 .K58 2000 11404 08/13/2013 1 10/03/2013 Books

5,001 things for kids to do /

APA

Kipfer B. A., . (2000). 5,001 things for kids to do. New York: Plume.

Chicago

Kipfer Barbara Ann, . 2000. 5,001 things for kids to do. New York: Plume.

Harvard

Kipfer B. A., . (2000). 5,001 things for kids to do. New York: Plume.

MLA

Kipfer Barbara Ann, . 5,001 things for kids to do. New York: Plume. 2000.

  • Place hold
  • Print
  • Cite
  • Add to your cart (remove)
  • Save record
    BIBTEX Dublin Core MARCXML MARC (non-Unicode/MARC-8) MARC (Unicode/UTF-8) MARC (Unicode/UTF-8, Standard) MODS (XML) RIS
  • More searches
    Search for this title in:
    Other Libraries (WorldCat) Other Databases (Google Scholar) Online Stores (Bookfinder.com) Open Library (openlibrary.org)

Exporting to Dublin Core...

SOUTHVILLE LIBRARY

Southville International School and Colleges Library

1281 Tropical Ave. Cor. Luxembourg St., BF Homes International, Las Pinas City

Tel. No. 8256374 / 252358 Loc. 117/146

Powered by Koha